000
00205nam a2200097Ia 4500
008
240331s9999 xx 000 0 und d
082
_b
GOW
100
_a
Gowtham,G
245
0
_a
Patthu kattalaigal
942
_c
L
999
_c
4692
_d
4692